Normal view
MARC view
- Masud, Fahad
Entry Personal Name
001 - CONTROL NUMBER
- control field: 132922
003 - CONTROL NUMBER IDENTIFIER
- control field: NUST
005 - DATE AND TIME OF LATEST TRANSACTION
- control field: 20260126184209.0
008 - FIXED-LENGTH DATA ELEMENTS
- fixed length control field: 260126|| aca||aabn | a|a d
040 ## - CATALOGING SOURCE
- Original cataloging agency: NUST
- Transcribing agency: NUST
100 ## - HEADING--PERSONAL NAME
- Personal name: Masud, Fahad
670 ## - SOURCE DATA FOUND
- Source citation: Work cat.: (NUST): Masud, Fahad, Voice Controlled Smart Car /, June, 2021
